01111nam a2200313 a 450000500170000000800410001702000150005804000250007304100080009804400080010608200140011410000290012824500660015725000240022326000500024730000550029750000060035250400530035865000150041165000200042665000210044665000280046765000440049570000280053970000300056794200150059799900170061295201680062920191224042336.0020912s2003 enka b 001 0 eng d a0077099478 aCO-BoIAVHcCO-BoIAVH0 aeng aenk04a330bB41e1 aBegg, David K. H.eautor10aEconomics /cDavid Begg, Stanley Fischer y Rudiger Dornbusch. aSéptima edición aLondres (Inglaterra) : bMcGraw-Hill,cc2003. axvi, 552 páginas :bilustraciones ;c26 x 20 cm. a  aIncluye referencias bibliográficas e índice.26aEconomía26aMicroeconomía26aMacroeconomía 26aEconomía de bienestar26aRelaciones económicas internacionales1 aFischer, Stanleyeautor1 aDornbusch, Rudigereautor 2ddccLIBRO c19852d19852 00102ddc40708GENERALIINV2017aBogotabBogotad2017-09-25eInstitutog39000.00l0oLB-330 B41ep041683r2017-09-25 00:00:00tEj. 1w2017-09-25xDonacionyLIBRO